Villes les plus peuplées du monde commençant par S - Statistiques

Statistiques générales
  • Ce quiz a été pris 153 fois
  • Le résultat moyen est 6 sur 10
Statistiques - réponses
Pays Villes % Correct
Corée du Sud Séoul
96%
Singapour Singapour
94%
Brésil Sao Paulo
93%
Chine Shanghai
87%
Chili Santiago
86%
Chine Shenzhen
42%
Indonésie Surabaya
32%
Chine Shenyang
16%
Chine Shantou
13%
Chine Suzhou
13%
Aucun quiz correspondant
Distribution des résultats
% des personnes avec chaque résultat
Percentile par nombre de réponses
Votre historique - résultats
Vous n’avez pas pris ce quiz